000 01167nac a22003737a 4500
001 BR2700051
003 BR-BrBNA
005 20240105112757.0
008 230509b bl.|||m| |||| 00| 0 por d
040 _aBR-BrBNA
_bpor
_cBiblioteca Nacional de Agricultura
072 _aF00; E70
090 _a0430 BR2700051
110 1 _aDelegacia do Servico Federal do Algodao no Estado da Paraiba, Joao Pessoa (Brasil)
_93037
245 1 _aRelatorio - 1927 da Delegacia do Servico Federal do Algodao no Estado da Paraiba [Brasil]
260 3 _aJoao Pessoa, PB (Brasil):
_c1927.
300 _a59 p.
490 _aRelatorio - Delegacia do Servico Federal do Algodao no Estado da Paraiba (Brazil)
_v
_x
500 _a19 tables
650 _aALGODAO
650 _aALGODAO HERBACEO
650 _aSAFRA
650 _aSEMENTE
650 _aEXPORTACAO
650 _aIMPORTACAO
650 _aMERCADO
650 _aPRECO
650 _aCIRCULACAO DE MERCADORIA
650 _aCONTROLE DE QUALIDADE
650 _aCREDITO
650 _aPOLITICA DE ABASTECIMENTO
650 _aPARAIBA
909 _a202312
_bLúcia Elande
_c55
_dLúcia Elande
942 _2AGRIS
_n0
_cMS
999 _c260261
_d260261